| 000 | 00676cam a2200229 i 4500 | ||
|---|---|---|---|
| 999 |
_c22419 _d22419 |
||
| 001 | 21434332 | ||
| 003 | OSt | ||
| 005 | 20220609122124.0 | ||
| 008 | 200108s2019 pe 000 1 spa | ||
| 010 | _a 2020492392 | ||
| 020 | _a9786124759550 | ||
| 035 | _a(PE-LiEIC)it201600017355 | ||
| 040 | _cBiblioteca Municipal de Cusco | ||
| 082 | 0 | 0 |
_a869.57/M194Q _bM194Q |
| 100 | 1 |
_aMaldonado, J. J. _d1990- _eautor _948109 |
|
| 245 | 1 | 0 |
_aQuien golpea primero golpea dos veces : _bcuentos / _cJ.J. Maldonado |
| 264 | 1 |
_aLima : _bCampo Letrado, _c2019. |
|
| 300 |
_a154 páginas. : _c21 cm. |
||
| 490 | 0 | _aColección Autopista del Sur | |
| 500 | _aCuentos | ||
| 942 |
_2ddc _cLIBROS |
||